Minicomputers in data processing and simulation
Na minha lista:
| Autor principal: | |
|---|---|
| Formato: | Livro |
| Idioma: | inglês |
| Publicado em: |
New York
Wiley
1972
|
| Tags: |
Sem tags, seja o primeiro a adicionar uma tag!
|
MARC
| LEADER | 00000nam a2200000 4500 | ||
|---|---|---|---|
| 001 | c109373 | ||
| 005 | 20041019155143.9 | ||
| 041 | 0 | |a eng | |
| 044 | |a US | ||
| 245 | 1 | 0 | |a Minicomputers in data processing and simulation |c Branko Souček |
| 264 | 1 | |a New York |b Wiley |c 1972 | |
| 300 | |a 467 s. | ||
| 100 | 1 | |a Souček, Branko | |